| 000 | 00363 a2200097 4500 | ||
|---|---|---|---|
| 245 | 0 | 0 |
_aTranzystory polowe - Pomiar napięcia przebicia dren - źródło U(BR) DSX PN-74/T-01505 ark. 11 / _cMin. Przem. Maszynowego. |
| 246 | 1 | 3 | _aPN-74/T-01505 ark. 11 |
| 246 | 1 | 3 | _a621.382.3.001.4 |
| 260 |
_aWarszawa : _bMin. Przem. Maszynowego, _c1974. |
||
| 300 |
_a1 stron ; _c30 cm. |
||
| 650 | _aPolska norma | ||
| 999 |
_c21084 _d21084 |
||